Légumes par images A-Z - Statistiques

Statistiques générales
  • Ce quiz a été pris 515 fois
  • Le résultat moyen est 13 sur 24
Statistiques - réponses
Par images Réponse % Correct
Aubergine
98%
Oignon
94%
Radis
92%
Gingembre
88%
Navet
86%
Échalote
84%
Lentille
82%
Fenouil
81%
Betterave
80%
Haricot rouge
79%
Mâche
75%
Céléri
74%
Potimarron
64%
Quinoa
53%
Jalapeño
44%
Igname
38%
Topinambour
38%
Salsifi
22%
Kale
19%
Wakamé
14%
Vitelotte
12%
Daikon
4%
Ulluco
0%
Yacon
0%
Aucun quiz correspondant
Distribution des résultats
% des personnes avec chaque résultat
Percentile par nombre de réponses
Votre historique - résultats
Vous n’avez pas pris ce quiz